00830cam a2200253 a 45000010008000000030012000080050017000200080041000370100017000780200006000950400022001010430021001230500025001440820018001691000038001872450056002252600034002813000026003155040051003416510048003926510038004406510049004786510049005273766621NUST - PNEC20170116181133.0830707s1982 ii b 001 0 eng  a 82904780  c- aDLCcLIBRARYdDLC an-us---aa-pk---00aE183.8.P18bV46 198200a954.9 VEN2191 aVenkataramani, M. S.,d1925-2006.14aThe American role in Pakistanc M.S. Venkataramani. aNew Delhi :bRadiant,cc.1982 axii, 480 p. ;c23 cm. aIncludes bibliographical references and index. 0aUnited StatesxForeign relationszPakistan. 0aPakistanxGeneralzUnited States. 0aUnited StatesxMilitary relationszPakistan. 0aPakistanxMilitary relationszUnited States.